Gregtech circuits quiz - Statistics

General Stats
  • This quiz has been taken 4 times
  • The average score is 13 of 26
Answer Stats
Hint Answer % Correct
First tier 1 circuit Electronic circuit
100%
Third tier 1 circuit Microprocessor
75%
Third tier 3 circuit Nano circuit
75%
Fourth tier 6 circuit Wetware circuit
75%
First tier 9 circuit Wetware mainframe
75%
First tier 3 circuit Advanced integrated circuit
50%
First tier 8 circuit Crystal mainframe
50%
Second tier 2 circuit Good integrated circuit
50%
Second tier 1 circuit Integrated circuit
50%
Third tier 2 circuit Integrated processor
50%
First tier 5 circuit Mainframe
50%
First tier 6 circuit Nano mainframe
50%
Second tier 3 circuit Processor assembly
50%
Third tier 4 circuit Quantum circuit
50%
First tier 7 circuit Quantum mainframe
50%
Third tier 7 circuit Wetware assembly
50%
Second tier 8 circuit Wetware workstation
50%
First tier 4 circuit Workstation
50%
First tier 2 circuit Advanced electronic circuit
25%
Third tier 6 circuit Crystal assembly
25%
Fourth tier 5 circuit Crystal circuit
25%
Second tier 7 circuit Crystal workstation
25%
Second tier 4 circuit Nanoprocessor assembly
25%
Second tier 5 circuit Nano workstation
25%
Third tier 5 circuit Quantum assembly
25%
Second tier 6 circuit Quantum workstation
25%
No matching quizzes found
Score Distribution
Percent of People with Each Score
Percentile by Number Answered
Your Score History
You have not taken this quiz